| 000 | 00579nam a2200169 a 4500 | ||
|---|---|---|---|
| 008 | 080109s1968 ||||||||||||||||| || u | ||
| 050 | _aHD 47 Lit | ||
| 100 | _aLittle, Ian M. David | ||
| 245 | 1 | 0 | _aProject appraisal and planning for developing countries |
| 260 |
_aLondon _bHeinemann _c1968 |
||
| 300 | _axxiv, 392p. | ||
| 350 | _a0.00 | ||
| 650 | _aPROJECT APPRAISAL | ||
| 650 | 0 | _aMANAGEMENT | |
| 650 | 0 | _aPROJECT MANAGEMENT | |
| 995 |
_D0.00 _FCBU-MAIN LIBRARY (Kitwe) _H1 _I0.00 _M1 _UDAMAGED _ZMain Library Open Access Collection |
||
| 999 |
_c55027 _d55027 |
||